[Event "Transcontinental Printanier ABCDEF"]
[Site "Montreal"]
[Date "2017.04.02"]
[Round "5"]
[White "Gagnon, Philippe"]
[Black "Chira, Dan"]
[Result "0-1"]
[WhiteElo "1372"]
[BlackElo "1424"]
[PlyCount "122"]
[EventDate "2017.03.31"]
[EventType "swiss"]
[EventRounds "5"]
[EventCountry "CAN"]
[SourceTitle "EXT 2022"]
[Source "ChessBase"]
[SourceDate "2021.10.06"]
[SourceVersion "1"]
[SourceVersionDate "2021.10.06"]
[SourceQuality "1"]

1. e4 c5 2. c3 Nf6 3. e5 Ng8 4. d4 cxd4 5. cxd4 d6 6. Nf3 a6 7. Be2 e6 8. 0-0 d5 9. Qb3 Be7 10. Nc3 f6 11. Bd2 Nc6 12. Rac1 Na5 13. Qd1 b5 14. Qe1 Nb7 15. Bd3 Bd7 16. Qe3 b4 17. Nb1 a5 18. Qf4 f5 19. Qg3 g6 20. Bg5 Kf7 21. Rc2 Kg7 22. Rfc1 Bxg5 23. Nxg5 Ne7 24. Bb5 Rc8 25. Nd2 h6 26. Bxd7 Qxd7 27. Nh3 Rxc2 28. Rxc2 Rc8 29. Qd3 Rxc2 30. Qxc2 g5 31. Nb3 Qc6 32. Qxc6 Nxc6 33. f4 a4 34. Nc5 Nxc5 35. dxc5 gxf4 36. Nxf4 Kf7 37. Nd3 Ke7 38. Kf2 Kf7 39. Ke3 Kg6 40. Kf4 a3 41. bxa3 bxa3 42. Ne1 Nb4 43. Nc2 Nd3+ 44. Ke3 Nxc5 45. Nxa3 Kg5 46. Nb5 f4+ 47. Kd4 Na4 48. Nc7 Kf5 49. Ne8 Kg6 50. Nc7 Kf5 51. Na6 h5 52. Nc5 Nxc5 53. Kxc5 Kxe5 54. a4 d4 55. Kc4 Ke4 56. a5 d3 57. a6 d2 58. a7 d1Q 59. a8Q+ Qd5+ 60. Qxd5+ exd5+ 61. Kc3 Ke3 0-1